[Event "LSS No Engine Cup 191 Preliminary 0"]
[Site "LSS email"]
[Date "2019.07.06"]
[Round "?"]
[White "Sofia, Gerardo"]
[Black "Koepcke, Klaus Peter"]
[Result "1-0"]
[WhiteElo "1930"]
[BlackElo "1660"]
[PlyCount "83"]
[EventDate "2019.07.07"]
[EventType "tourn (corr)"]
[EventRounds "6"]
[EventCountry "GER"]
[SourceTitle "Corr 2022"]
[Source "ChessBase"]
[SourceDate "2021.10.24"]
[SourceVersion "1"]
[SourceVersionDate "2021.10.24"]
[SourceQuality "1"]

1. e4 c5 2. Nf3 d6 3. d4 cxd4 4. Nxd4 Nf6 5. Nc3 a6 6. f3 e5 7. Nb3 Be6 8. Be3 Nbd7 9. g4 Be7 10. Qd2 Qc7 11. g5 Nh5 12. 0-0-0 Rc8 13. h4 0-0 14. Qf2 b5 15. Bh3 Bxh3 16. Nd5 Qd8 17. Rxh3 f5 18. Qd2 f4 19. Bf2 Nc5 20. Nxe7+ Qxe7 21. Qxd6 Qxd6 22. Rxd6 Nxb3+ 23. axb3 Ra8 24. Rh1 Ng3 25. Rhd1 Rfe8 26. c4 Rec8 27. c5 Rc7 28. b4 Kf7 29. Rd7+ Rxd7 30. Rxd7+ Kg6 31. c6 Rc8 32. c7 Ne2+ 33. Kd2 Nd4 34. Bxd4 exd4 35. Kd3 Kh5 36. e5 Kxh4 37. Rxg7 Kg3 38. Rxh7 Kxf3 39. g6 Kg2 40. g7 f3 41. Rh8 f2 42. g8R+ 1-0

[Event "LSS No Engine Cup 190 Preliminary 0"]
[Site "LSS email"]
[Date "2019.05.19"]
[Round "?"]
[White "Koepcke, Klaus Peter"]
[Black "Schleef, Harald"]
[Result "0-1"]
[WhiteElo "1668"]
[BlackElo "1600"]
[PlyCount "56"]
[EventDate "2019.05.20"]
[EventType "tourn (corr)"]
[EventRounds "6"]
[EventCountry "GER"]
[SourceTitle "Corr 2022"]
[Source "ChessBase"]
[SourceDate "2021.10.24"]
[SourceVersion "1"]
[SourceVersionDate "2021.10.24"]
[SourceQuality "1"]

1. d4 Nf6 2. c4 e6 3. Nc3 Bb4 4. Bd2 0-0 5. Nf3 d5 6. e3 b6 7. Bd3 Bb7 8. 0-0 dxc4 9. Bxc4 c5 10. a3 Bxc3 11. Bxc3 Ne4 12. Qc2 Nxc3 13. bxc3 Bxf3 14. gxf3 Nd7 15. Qe4 Rc8 16. Rac1 Rc7 17. Kh1 Qe7 18. Rg1 cxd4 19. Qxd4 Nf6 20. Bb3 g6 21. a4 Rd8 22. Qb4 Rc5 23. Rg5 Qb7 24. Rg3 Nh5 25. Rh3 Rd2 26. Qh4 Qd7 27. Kg2 Qd3 28. Qg4 Rxf2+ 0-1

[Event "LSS No Engine Cup 189 Preliminary 0"]
[Site "LSS email"]
[Date "2019.04.15"]
[Round "?"]
[White "Csoma, Robert"]
[Black "Koepcke, Klaus Peter"]
[Result "0-1"]
[WhiteElo "1346"]
[BlackElo "1677"]
[PlyCount "52"]
[EventDate "2019.04.16"]
[EventType "tourn (corr)"]
[EventRounds "6"]
[EventCountry "GER"]
[SourceTitle "Corr 2022"]
[Source "ChessBase"]
[SourceDate "2021.10.24"]
[SourceVersion "1"]
[SourceVersionDate "2021.10.24"]
[SourceQuality "1"]

1. e4 c5 2. Nf3 d6 3. d4 cxd4 4. Nxd4 Nf6 5. Nc3 a6 6. Bd3 e5 7. Nde2 Be6 8. 0-0 Be7 9. h3 Nbd7 10. Be3 0-0 11. f4 Qc7 12. b3 Nc5 13. f5 Nxd3 14. cxd3 Bd7 15. Rc1 Qa5 16. a4 d5 17. Nxd5 Nxd5 18. Bd2 Qb6+ 19. Kh1 Nf6 20. Rf3 Rfc8 21. Be3 Bc5 22. Bxc5 Rxc5 23. Rxc5 Qxc5 24. g4 Rc8 25. g5 Nh5 26. Kg2 Qc2 0-1

[Event "LSS No Engine Cup 189 Preliminary 0"]
[Site "LSS email"]
[Date "2019.04.15"]
[Round "?"]
[White "Koepcke, Klaus Peter"]
[Black "Vontina, Maria"]
[Result "1-0"]
[WhiteElo "1677"]
[BlackElo "1212"]
[PlyCount "39"]
[EventDate "2019.04.16"]
[EventType "tourn (corr)"]
[EventRounds "6"]
[EventCountry "GER"]
[SourceTitle "Corr 2022"]
[Source "ChessBase"]
[SourceDate "2021.10.24"]
[SourceVersion "1"]
[SourceVersionDate "2021.10.24"]
[SourceQuality "1"]

1. d4 Nf6 2. c4 d5 3. Nc3 e6 4. e3 Be7 5. Nf3 0-0 6. Bd3 dxc4 7. Bxc4 a6 8. 0-0 Nbd7 9. b3 h6 10. Bb2 Nb6 11. Bd3 Bd7 12. Ne5 Rc8 13. Ne4 Nbd5 14. Nxd7 Qxd7 15. Rc1 Nb4 16. Nxf6+ Bxf6 17. Bb1 Rfd8 18. Qf3 Be7 19. Qxb7 Nd5 20. Qxa6 1-0